[Event "13sen.WMH 2003 Senioren"]
[Site "Bad Zwischenahn(17.11.-29.11.2003)"]
[Date "2003.??.??"]
[Round "11.11"]
[White "Bierwisch, Bernhard"]
[Black "Baumgartner, Heinz"]
[Result "1-0"]
[WhiteElo "2109"]
[BlackElo "2307"]
[PlyCount "115"]


1. e4 d5 2. exd5 Qxd5 3. Nc3 Qa5 4. d4 c6 5. Bc4 Bf5 6. Nf3 e6 7. Bd2 Nd7 8. d5
cxd5 9. Nxd5 Qd8 10. Qe2 Ne7 11. Ne3 Bg6 12. Rd1 Qc7 13. Nd4 a6 14. O-O e5 15.
Nb3 Nf6 16. Ba5 b6 17. Bb4 b5 18. Ba5 Qc6 19. Qd2 Nd7 20. Bd5 Nxd5 21. Nxd5 Bd6
22. Nb4 Bxb4 23. Bxb4 Bf5 24. Na5 Qb6 25. Qd5 O-O-O 26. Nc6 Be6 27. Qd6 Rde8
28. Ba5 Qb7 29. Ne7+ Rxe7 30. Qxe7 Kb8 31. Rfe1 Rc8 32. Bc3 e4 33. Re3 g6 34.
h3 Nc5 35. Qd6+ Ka8 36. Bb4 Nd7 37. Rc3 Nb6 38. Rxc8+ Nxc8 39. Qd8 Kb8 40. Bd6+
Ka8 41. Bc5 Qc6 42. b4 Kb7 43. a3 Qc7 44. Qxc7+ Kxc7 45. h4 Kc6 46. Kh2 Bd5 47.
Kg3 Nd6 48. Bxd6 Kxd6 49. Kf4 Ke6 50. g4 f6 51. Rd4 h6 52. g5 fxg5+ 53. hxg5 h5
54. Rd2 Kd6 55. a4 Kc6 56. axb5+ axb5 57. Ke5 e3 58. fxe3 1-0

[Event "13sen.WMH 2003 Senioren"]
[Site "Bad Zwischenahn(17.11.-29.11.2003)"]
[Date "2003.??.??"]
[Round "11.12"]
[White "Villing, Dieter"]
[Black "Kraidman, Yair"]
[Result "1-0"]
[WhiteElo "2170"]
[BlackElo "2297"]
[PlyCount "57"]


1. e4 c5 2. f4 Nc6 3. Nf3 d6 4. Bb5 Bd7 5. O-O a6 6. Bxc6 Bxc6 7. d3 e6 8. Nc3
Be7 9. Qe1 Nf6 10. Qg3 g6 11. Qh3 Qd7 12. Ng5 h5 13. Bd2 Nh7 14. Nxf7 Kxf7 15.
f5 exf5 16. exf5 Nf6 17. Rae1 gxf5 18. Rxf5 Rag8 19. Ne4 Rg4 20. Ref1 Bxe4 21.
dxe4 Kg6 22. Bc3 Qe6 23. Rxf6+ Bxf6 24. Rxf6+ Qxf6 25. Bxf6 Re8 26. Bc3 Re6 27.
Qf3 Rgxe4 28. Qf8 Re7 29. Qg8+ 1-0

[Event "13sen.WMH 2003 Senioren"]
[Site "Bad Zwischenahn(17.11.-29.11.2003)"]
[Date "2003.??.??"]
[Round "11.13"]
[White "Reichenbach, Werner"]
[Black "Winiwarter, Felix,Dr."]
[Result "0-1"]
[WhiteElo "2310"]
[BlackElo "2160"]
[PlyCount "100"]


1. e4 e5 2. Nf3 Nc6 3. Bb5 a6 4. Ba4 Nf6 5. O-O Be7 6. Re1 b5 7. Bb3 O-O 8. c3
d6 9. d3 Na5 10. Bc2 c5 11. Nbd2 h6 12. Nf1 Re8 13. Ng3 Bf8 14. h3 g6 15. d4
Qc7 16. d5 Bg7 17. Nh2 Bd7 18. b3 Nb7 19. Bd2 c4 20. b4 a5 21. a3 Ra6 22. Qc1
Kh7 23. Nhf1 Rea8 24. Rb1 axb4 25. axb4 Ng8 26. Ne3 Nd8 27. Rf1 f6 28. Kh2 Nf7
29. Ne2 Ra2 30. h4 h5 31. g3 Ngh6 32. Rb2 Bc8 33. Rxa2 Rxa2 34. Qb1 Qa7 35. Kg2
Ng4 36. Nxg4 Bxg4 37. Be3 Qa3 38. Bc1 Qa8 39. f3 Bc8 40. Bb2 Bh6 41. Nc1 Ra6
42. Ne2 Be3 43. Bc1 Qa7 44. Bxe3 Qxe3 45. Rf2 Bh3+ 46. Kg1 Qa7 47. Qc1 g5 48.
Bb1 Ra1 49. Qb2 g4 50. fxg4 Nh6 0-1

[Event "13sen.WMH 2003 Senioren"]
[Site "Bad Zwischenahn(17.11.-29.11.2003)"]
[Date "2003.??.??"]
[Round "11.14"]
[White "Boehnisch, Manfred"]
[Black "Goy, Udo"]
[Result "1-0"]
[WhiteElo "2350"]
[BlackElo "2180"]
[PlyCount "43"]


1. e4 e6 2. d4 d5 3. Nc3 Nf6 4. Bg5 Be7 5. e5 Nfd7 6. Bxe7 Qxe7 7. Nb5 Nb6 8.
a4 a5 9. Bd3 O-O 10. Nh3 f6 11. Qh5 g6 12. Qh4 Na6 13. c3 Bd7 14. O-O Rae8 15.
exf6 Rxf6 16. b3 c6 17. Nd6 Rb8 18. Nxb7 Rxb7 19. Bxa6 Rb8 20. Rfe1 Kg7 21. Nf4
Qd6 22. Nd3 1-0

[Event "13sen.WMH 2003 Senioren"]
[Site "Bad Zwischenahn(17.11.-29.11.2003)"]
[Date "2003.??.??"]
[Round "11.15"]
[White "Viner, Phillip"]
[Black "Piankov, Evgenij"]
[Result "1-0"]
[WhiteElo "2127"]
[BlackElo "2299"]
[PlyCount "73"]


1. Nf3 d5 2. d4 c6 3. c4 e6 4. Nbd2 Nf6 5. e3 Bd6 6. Bd3 Nbd7 7. O-O O-O 8. e4
e5 9. h3 exd4 10. exd5 Nc5 11. Qe2 Nxd3 12. Qxd3 c5 13. Re1 Qc7 14. Nh4 Bd7 15.
Nf5 Rfe8 16. Nf3 Bh2+ 17. Kf1 Rxe1+ 18. Nxe1 Bf4 19. Bxf4 Qxf4 20. Ng3 b6 21.
Rd1 Re8 22. Qf3 Qxf3 23. Nxf3 Kf8 24. Re1 Rb8 25. Ne5 b5 26. Ne4 Be8 27. Nxc5
bxc4 28. d6 Rd8 29. Nxc4 Bb5 30. b3 Rxd6 31. Nd3 Ra6 32. Re2 Nd5 33. Nc5 d3 34.
Rd2 Rc6 35. Nd7+ Ke7 36. Nde5 Rc7 37. Rxd3 1-0

[Event "13sen.WMH 2003 Senioren"]
[Site "Bad Zwischenahn(17.11.-29.11.2003)"]
[Date "2003.??.??"]
[Round "11.16"]
[White "Joksic, Sinisa"]
[Black "Zhelesny, Stanislaw"]
[Result "1-0"]
[WhiteElo "2271"]
[BlackElo "2228"]
[PlyCount "43"]


1. d4 Nf6 2. Nf3 g6 3. c4 Bg7 4. Nc3 d5 5. cxd5 Nxd5 6. e4 Nb6 7. h3 O-O 8. Be3
c6 9. Qd2 Be6 10. b3 a5 11. Ng5 Bc8 12. Bc4 Nxc4 13. bxc4 b5 14. cxb5 cxb5 15.
Nxb5 Ba6 16. a4 Nc6 17. Nf3 Nb4 18. O-O Bxb5 19. axb5 Qb6 20. Qe2 Rfb8 21. Rfc1
Qxb5 22. Rc8+ 1-0

[Event "13sen.WMH 2003 Senioren"]
[Site "Bad Zwischenahn(17.11.-29.11.2003)"]
[Date "2003.??.??"]
[Round "11.17"]
[White "Semasev, Kim"]
[Black "Ballon, Guenther Jan"]
[Result "1/2-1/2"]
[WhiteElo "2269"]
[BlackElo "2156"]
[PlyCount "50"]


1. e4 e5 2. Nf3 Nc6 3. Bb5 g6 4. c3 a6 5. Ba4 d6 6. O-O Bd7 7. d4 Bg7 8. Bg5 f6
9. Be3 Nh6 10. dxe5 dxe5 11. Qd5 Qe7 12. b4 Nd8 13. Bc5 Qf7 14. Qd1 Bxa4 15.
Qxa4+ Qd7 16. Qxd7+ Kxd7 17. Rd1+ Ke8 18. h3 Ne6 19. Be3 Nf7 20. Nbd2 Ke7 21.
Nb3 Rhd8 22. Na5 Rxd1+ 23. Rxd1 Nd6 24. Nd2 b6 25. Nac4 Rd8 1/2-1/2

[Event "13sen.WMH 2003 Senioren"]
[Site "Bad Zwischenahn(17.11.-29.11.2003)"]
[Date "2003.??.??"]
[Round "11.18"]
[White "Opl, Klaus,Dr."]
[Black "Maugg, Ludwig"]
[Result "1-0"]
[WhiteElo "2258"]
[BlackElo "2043"]
[PlyCount "93"]


1. e4 c5 2. Nf3 Nc6 3. d4 cxd4 4. Nxd4 Nf6 5. Nc3 e5 6. Ndb5 d6 7. Bg5 a6 8.
Na3 b5 9. Nd5 Be7 10. Bxf6 Bxf6 11. c3 Rb8 12. Nc2 Bg5 13. Be2 O-O 14. O-O a5
15. a3 g6 16. Qd3 Be6 17. Rfd1 f5 18. Bf3 f4 19. b4 a4 20. Rac1 Qd7 21. Ne1 Bd8
22. Qe2 Kh8 23. h3 Qa7 24. Bg4 Bg8 25. Qf1 Qb7 26. Be2 Be6 27. Nf3 Ne7 28. c4
Nxd5 29. exd5 Bg8 30. Bd3 bxc4 31. Bxc4 e4 32. Nd4 Bb6 33. Nc6 Rbe8 34. Ba6 Qg7
35. Qb5 Bc7 36. Qb7 f3 37. Nd4 Re7 38. Ne6 Bxe6 39. dxe6 Rf4 40. g3 Rf6 41. Re1
d5 42. Qxd5 Rexe6 43. Rxe4 Rxa6 44. Re8+ Rf8 45. Rxf8+ Qxf8 46. Rxc7 Qd6 47.
Qf7 1-0

[Event "13sen.WMH 2003 Senioren"]
[Site "Bad Zwischenahn(17.11.-29.11.2003)"]
[Date "2003.??.??"]
[Round "11.20"]
[White "Potthammel, Joerg"]
[Black "Kanko, Ilkka"]
[Result "1-0"]
[WhiteElo "1972"]
[BlackElo "2264"]
[PlyCount "80"]


1. e4 c5 2. Nf3 e6 3. d4 cxd4 4. Nxd4 a6 5. Nc3 Qc7 6. Bd3 Bc5 7. Nb3 Be7 8.
O-O Nf6 9. f4 d6 10. Qf3 Nc6 11. Be3 O-O 12. a4 b6 13. Rae1 Bb7 14. Qg3 Nb4 15.
Kh1 d5 16. Bd4 Nxd3 17. cxd3 dxe4 18. Nxe4 Bxe4 19. dxe4 Rfd8 20. e5 Nd5 21. f5
Bb4 22. Rc1 Qd7 23. f6 g6 24. Rf3 Qxa4 25. Qg5 Bf8 26. Rh3 Qb5 27. Qh4 h6 28.
Qf2 Rac8 29. Rf1 Rc2 30. Qf3 Rdc8 31. Rg3 Qe2 32. h3 Qxf3 33. Rgxf3 a5 34. R3f2
Rxf2 35. Rxf2 Rc4 36. Bxb6 Nxb6 37. Nxa5 Rc1+ 38. Kh2 Nd7 39. Re2 Nxe5 40. Rd2
Bb4 1-0

[Event "13sen.WMH 2003 Senioren"]
[Site "Bad Zwischenahn(17.11.-29.11.2003)"]
[Date "2003.??.??"]
[Round "11.21"]
[White "Klein, Manfred[40Siegb]"]
[Black "Oelert, Ralf"]
[Result "1/2-1/2"]
[WhiteElo "2137"]
[BlackElo "1944"]
[PlyCount "130"]


1. e4 e5 2. Nf3 Nf6 3. d4 Nxe4 4. Bd3 d5 5. Nxe5 Nd7 6. Nxd7 Bxd7 7. Nd2 Nxd2
8. Bxd2 Bd6 9. O-O Qh4 10. Re1+ Be6 11. g3 Qf6 12. Qh5 Kd7 13. Bg5 Qxd4 14.
Rxe6 fxe6 15. Bb5+ c6 16. Qf7+ Kc8 17. Qxe6+ Kc7 18. Qf7+ Kb8 19. Re1 cxb5 20.
Re8+ Rxe8 21. Qxe8+ Kc7 22. Qxa8 Qd1+ 23. Kg2 Qg4 24. Qd8+ Kc6 25. h3 Qe6 26.
c3 Qf5 27. Be3 Bc7 28. Qe8+ Qd7 29. Qxd7+ Kxd7 30. Bd4 g6 31. Kf3 a5 32. Kg4
Bd8 33. Kf4 Ke6 34. g4 h6 35. Kg3 Be7 36. f4 b4 37. Bg7 h5 38. f5+ gxf5 39.
gxh5 Kf7 40. Be5 bxc3 41. bxc3 Bg5 42. a4 Bd2 43. Kf3 f4 44. Kg4 Kg8 45. Kf3
Kh7 46. Ke2 Be3 47. Bd4 Bc1 48. Bc5 Kh6 49. Kd1 Bb2 50. Kc2 Ba1 51. Bd4 f3 52.
Kd3 Kxh5 53. Ke3 Kh4 54. Kxf3 Kxh3 55. Kf4 Kg2 56. Ke5 Kf3 57. Kxd5 Bb2 58. Kc4
Ke4 59. Bb6 Bxc3 60. Kxc3 Kd5 61. Be3 Kc6 62. Kc4 b6 63. Bf4 Kb7 64. Kd5 Ka7
65. Kc6 Ka8 1/2-1/2

[Event "13sen.WMH 2003 Senioren"]
[Site "Bad Zwischenahn(17.11.-29.11.2003)"]
[Date "2003.??.??"]
[Round "11.23"]
[White "Boeven, Manfred"]
[Black "Lieb, Harald"]
[Result "0-1"]
[WhiteElo "2005"]
[BlackElo "2273"]
[PlyCount "62"]


1. d4 Nf6 2. Nc3 e6 3. Nf3 d5 4. Bg5 a6 5. e3 c5 6. a4 Nc6 7. Be2 h6 8. Bh4
cxd4 9. exd4 g5 10. Bg3 Ne4 11. Nxe4 dxe4 12. Ne5 Qxd4 13. Bh5 Qxd1+ 14. Rxd1
Nxe5 15. Bxe5 Rg8 16. Rd4 Bg7 17. Rxe4 Bd7 18. O-O Bxe5 19. Rxe5 Ke7 20. b3 f6
21. Re3 Rac8 22. c4 a5 23. Rd1 Rgd8 24. Kf1 Bc6 25. Rde1 e5 26. Bg4 Rb8 27. Rh3
Rd4 28. Bf5 Rh8 29. Ree3 h5 30. Rd3 g4 31. Rhg3 Rf4 0-1

[Event "13sen.WMH 2003 Senioren"]
[Site "Bad Zwischenahn(17.11.-29.11.2003)"]
[Date "2003.??.??"]
[Round "11.24"]
[White "Davydov, Mikhail"]
[Black "Ljubarskij, Jurij"]
[Result "1/2-1/2"]
[WhiteElo "2010"]
[BlackElo "2212"]
[PlyCount "25"]


1. e4 e5 2. Nf3 Nc6 3. Nc3 Nf6 4. Bb5 Bb4 5. O-O O-O 6. d3 Bxc3 7. bxc3 Qe7 8.
Bg5 d6 9. Bxc6 bxc6 10. Qd2 Bg4 11. Bxf6 Qxf6 12. Qg5 Bxf3 13. Qxf6 1/2-1/2

[Event "13sen.WMH 2003 Senioren"]
[Site "Bad Zwischenahn(17.11.-29.11.2003)"]
[Date "2003.??.??"]
[Round "11.25"]
[White "Kristiansen, Erling"]
[Black "Kruek, Josef"]
[Result "1-0"]
[WhiteElo "2211"]
[BlackElo "1991"]
[PlyCount "73"]


1. d4 Nf6 2. c4 e6 3. Nf3 d5 4. Nc3 c6 5. e3 Nbd7 6. Bd2 Bd6 7. Rc1 O-O 8. Be2
Ne4 9. O-O f5 10. Be1 Ndf6 11. Ne5 Nd7 12. f3 Nxc3 13. Bxc3 Bxe5 14. dxe5 Nb6
15. c5 Nd7 16. Qd4 b6 17. b4 bxc5 18. bxc5 Rb8 19. f4 Qc7 20. Rb1 Rxb1 21. Rxb1
Nb8 22. Qa4 a6 23. Qa5 Qxa5 24. Bxa5 Nd7 25. Bc7 Kf7 26. Bd6 Rg8 27. Kf2 h6 28.
h4 Ke8 29. h5 Kd8 30. Rb3 Re8 31. Ra3 Bb7 32. Bxa6 Kc8 33. Be2 Rg8 34. Ra7 g5
35. hxg6 Nf8 36. Bxf8 Rxf8 37. Ba6 1-0

[Event "13sen.WMH 2003 Senioren"]
[Site "Bad Zwischenahn(17.11.-29.11.2003)"]
[Date "2003.??.??"]
[Round "11.26"]
[White "Helmsen, Franz"]
[Black "Dornieden, Manfred,Prof.Dr."]
[Result "0-1"]
[WhiteElo "1958"]
[BlackElo "2202"]
[PlyCount "78"]


1. e4 c5 2. Nf3 e6 3. Nc3 a6 4. d4 cxd4 5. Nxd4 Qc7 6. Bd3 g6 7. O-O Bg7 8.
Nde2 Ne7 9. Bf4 e5 10. Be3 d6 11. Qd2 Be6 12. Bh6 O-O 13. Bxg7 Kxg7 14. Kh1
Nbc6 15. f4 f6 16. a3 Rad8 17. Qe3 d5 18. exd5 Nxd5 19. Nxd5 Bxd5 20. Nc3 Bf7
21. fxe5 Nxe5 22. Qf4 Qb6 23. Be2 Be6 24. Rad1 Bf5 25. Nd5 Qxb2 26. Rb1 Qxc2
27. Rxb7+ Rf7 28. Rxf7+ Kxf7 29. Bf3 Nxf3 30. Qxf3 Qc6 31. Nb4 Qxf3 32. gxf3
Rd2 33. Rc1 a5 34. Nc6 a4 35. Nb4 Bh3 36. Kg1 Rg2+ 37. Kh1 Rf2 38. Nd5 Rxf3 39.
Nc3 Bd7 0-1

[Event "13sen.WMH 2003 Senioren"]
[Site "Bad Zwischenahn(17.11.-29.11.2003)"]
[Date "2003.??.??"]
[Round "11.27"]
[White "Sawadkuhi, Massoud Amir"]
[Black "Niebling, Ferdinand"]
[Result "1-0"]
[WhiteElo "2211"]
[BlackElo "2068"]
[PlyCount "79"]


1. d4 f5 2. Nc3 Nf6 3. Bg5 d5 4. Bxf6 exf6 5. e3 Be6 6. Nh3 c6 7. Nf4 Bf7 8.
Bd3 g6 9. h4 h5 10. Nce2 Na6 11. c3 Nc7 12. Qc2 Qd6 13. g3 O-O-O 14. b4 Kb8 15.
a4 Bh6 16. b5 cxb5 17. axb5 Qb6 18. O-O g5 19. Ng2 f4 20. exf4 Rhg8 21. Rfb1
Ne6 22. Ra6 bxa6 23. bxa6 gxf4 24. Rxb6+ axb6 25. a7+ Kb7 26. Qa4 Nc7 27. Ngxf4
Ra8 28. Bf5 Rxa7 29. Qb3 Rga8 30. Ne6 Bxe6 31. Bxe6 Ra5 32. Bf7 Rb5 33. Qc2
Ra1+ 34. Kg2 Rab1 35. Qh7 Bd2 36. Bxd5+ Rxd5 37. Qxb1 b5 38. Qd3 Bh6 39. Qg6
Bd2 40. Qxf6 1-0

[Event "13sen.WMH 2003 Senioren"]
[Site "Bad Zwischenahn(17.11.-29.11.2003)"]
[Date "2003.??.??"]
[Round "11.28"]
[White "Schuler, Georg[29Baling]"]
[Black "Neese, Hans-Joachim"]
[Result "1-0"]
[WhiteElo "1847"]
[BlackElo "2132"]
[PlyCount "179"]


1. c4 Nf6 2. Nc3 g6 3. g3 Bg7 4. Bg2 d6 5. Nf3 O-O 6. O-O c6 7. d4 Qc7 8. e4 e5
9. b3 Bg4 10. d5 cxd5 11. Nxd5 Nxd5 12. Qxd5 Nc6 13. Ba3 Rad8 14. Rad1 Bxf3 15.
Bxf3 Nd4 16. Rd3 Rfe8 17. Kg2 h5 18. Bd1 Qc6 19. f3 Bf8 20. Bb2 Qxd5 21. cxd5
Nb5 22. Rf2 Rc8 23. a4 Nc7 24. Rc2 Na6 25. Rdc3 Rxc3 26. Rxc3 Re7 27. Be2 Nc5
28. Ba3 b6 29. Bb5 a5 30. b4 axb4 31. Bxb4 Ra7 32. Ra3 Be7 33. Bxc5 dxc5 34.
Rb3 Bd6 35. Kh3 g5 36. Kg2 Kf8 37. Rb1 Ke7 38. Re1 f6 39. h4 gxh4 40. Rh1 hxg3
41. Rxh5 Kf8 42. Rh8+ Kg7 43. Rd8 Be7 44. Rb8 c4 45. Rxb6 c3 46. Rc6 Bb4 47.
Kxg3 Ba5 48. f4 Kf7 49. fxe5 fxe5 50. Kg4 Rc7 51. Rxc7+ Bxc7 52. Bd3 Ke7 53.
Kf5 Kd6 54. Bc2 Ke7 55. a5 Kd6 56. a6 Bb6 57. Kg4 Kc5 58. Kf3 Kd6 59. Ke2 Bd4
60. Kd3 Kc7 61. Ba4 Kd6 62. Kc4 Kc7 63. Kb3 Kd6 64. Kb4 Kc7 65. Kb5 Kd6 66. Kc4
Kc7 67. Bc2 Kd6 68. Bd3 Kc7 69. Kb4 Kd6 70. Kb3 Kc7 71. Kc2 Kd7 72. Kd1 Kd6 73.
Ke2 Kc7 74. Kf3 Kd6 75. Kg4 Be3 76. Kf5 Bd4 77. Kf6 Bc5 78. Kf7 Kd7 79. Bb5+
Kc7 80. Ba4 Kb6 81. Ke6 Kxa6 82. Kxe5 Kb7 83. d6 Kc8 84. Kd5 Be3 85. e5 Bg5 86.
Ke4 c2 87. Bxc2 Kd7 88. Kf5 Bh4 89. Ba4+ Kd8 90. e6 1-0

[Event "13sen.WMH 2003 Senioren"]
[Site "Bad Zwischenahn(17.11.-29.11.2003)"]
[Date "2003.??.??"]
[Round "11.29"]
[White "Chehlov, Alexander"]
[Black "Hobusch, Werner"]
[Result "1-0"]
[WhiteElo "2246"]
[BlackElo "2144"]
[PlyCount "47"]


1. e4 c5 2. Nf3 Nc6 3. Bb5 g6 4. O-O Bg7 5. c3 Nf6 6. Re1 O-O 7. d4 cxd4 8.
cxd4 d5 9. e5 Ne4 10. Bxc6 bxc6 11. Nbd2 c5 12. dxc5 Nxc5 13. Nb3 Nxb3 14. Qxb3
Be6 15. Nd4 Qd7 16. Qe3 Rab8 17. b3 Rb6 18. Bb2 a5 19. a4 Qb7 20. Rac1 Bd7 21.
Ba3 Re8 22. Rc5 Ra6 23. Rec1 Qb8 24. Rxd5 1-0

[Event "13sen.WMH 2003 Senioren"]
[Site "Bad Zwischenahn(17.11.-29.11.2003)"]
[Date "2003.??.??"]
[Round "11.30"]
[White "Limberg, Siegfried"]
[Black "Wagner, Carl[40USA]"]
[Result "1/2-1/2"]
[WhiteElo "2035"]
[BlackElo "2099"]
[PlyCount "62"]


1. d4 f5 2. Nf3 Nf6 3. Bg5 d5 4. e3 Nbd7 5. c4 e6 6. Nc3 c6 7. Bd3 g6 8. h4 h6
9. Bf4 Bg7 10. c5 Ne4 11. Bxe4 fxe4 12. Ne5 Bxe5 13. Bxe5 Nxe5 14. dxe5 Qe7 15.
Qd4 Bd7 16. f4 O-O-O 17. O-O-O g5 18. hxg5 hxg5 19. Rxh8 Rxh8 20. f5 Rh2 21. f6
Qh7 22. Qd2 Be8 23. Qf2 Bf7 24. Kb1 Qf5 25. Qg3 Rh5 26. Ne2 g4 27. Nd4 Qxe5 28.
Qxe5 Rxe5 29. Rh1 Rh5 30. Rxh5 Bxh5 31. Nxe6 Kd7 1/2-1/2

[Event "13sen.WMH 2003 Senioren"]
[Site "Bad Zwischenahn(17.11.-29.11.2003)"]
[Date "2003.??.??"]
[Round "11.31"]
[White "Hohler, Peter"]
[Black "Brandt, Wilhelm"]
[Result "1/2-1/2"]
[WhiteElo "2168"]
[BlackElo "1871"]
[PlyCount "44"]


1. c4 g6 2. Nc3 Bg7 3. d4 d6 4. e4 Nf6 5. Bd3 O-O 6. Nge2 c6 7. O-O e5 8. d5 c5
9. Ng3 Na6 10. a3 Bd7 11. Rb1 b6 12. b4 Ne8 13. Qc2 h5 14. Bd2 h4 15. Nge2 g5
16. Nd1 Bf6 17. Ne3 Ng7 18. f3 Be7 19. g3 Qc8 20. b5 Nc7 21. a4 a5 22. Kh1 f6
1/2-1/2

[Event "13sen.WMH 2003 Senioren"]
[Site "Bad Zwischenahn(17.11.-29.11.2003)"]
[Date "2003.??.??"]
[Round "11.32"]
[White "Merettig, Georg"]
[Black "Stuerzenbaum, Arthur"]
[Result "0-1"]
[WhiteElo "1816"]
[BlackElo "2186"]
[PlyCount "78"]


1. Nf3 Nf6 2. b3 g6 3. Bb2 Bg7 4. d4 O-O 5. c4 d6 6. g3 Nbd7 7. Bg2 e5 8. Qc2
Re8 9. d5 a5 10. Nbd2 e4 11. Ng5 e3 12. fxe3 Bh6 13. Nde4 Ng4 14. Qc3 Nde5 15.
h4 f6 16. Ne6 Bxe6 17. dxe6 Nxe3 18. Bf3 Rxe6 19. h5 N3g4 20. hxg6 Bg7 21. Rxh7
Qe8 22. O-O-O Qxg6 23. Rdh1 Bh6+ 24. R7xh6 Nxh6 25. Bg2 a4 26. Nf2 c6 27. Be4
f5 28. Bc2 axb3 29. axb3 Rae8 30. e4 Qg5+ 31. Kb1 Rf8 32. Bc1 Qg7 33. exf5 Nxf5
34. g4 Nh6 35. g5 Rxf2 36. gxh6 Qg2 37. Rh3 Rxc2 38. h7+ Kh8 39. Qe3 Rxc1+ 0-1

[Event "13sen.WMH 2003 Senioren"]
[Site "Bad Zwischenahn(17.11.-29.11.2003)"]
[Date "2003.??.??"]
[Round "11.33"]
[White "Lentze, Ingo,Dr."]
[Black "Dorawa, Bernhard"]
[Result "1/2-1/2"]
[WhiteElo "2072"]
[BlackElo "1945"]
[PlyCount "35"]


1. e4 e6 2. d4 d5 3. e5 c5 4. c3 Nc6 5. Nf3 Qb6 6. g3 Bd7 7. Bh3 cxd4 8. cxd4
Qa6 9. Nc3 Rc8 10. Bf1 Qb6 11. Be2 Nge7 12. O-O Nf5 13. Na4 Qa5 14. Bd2 Bb4 15.
Bxb4 Nxb4 16. Nc3 O-O 17. a3 Nc6 18. Rc1 1/2-1/2

[Event "13sen.WMH 2003 Senioren"]
[Site "Bad Zwischenahn(17.11.-29.11.2003)"]
[Date "2003.??.??"]
[Round "11.34"]
[White "Fahnenschmidt, Gerhard,Dr."]
[Black "Bernhoeft, Erhard"]
[Result "0-1"]
[WhiteElo "2087"]
[BlackElo "1947"]
[PlyCount "67"]


1. d4 g6 2. e4 Bg7 3. f4 d6 4. Nc3 c6 5. Nf3 Nd7 6. Bc4 b5 7. Bxf7+ Kxf7 8.
Ng5+ Ke8 9. Ne6 Qb6 10. Nxg7+ Kf7 11. Nh5 gxh5 12. Qxh5+ Kf8 13. Be3 Ndf6 14.
Qf3 Bg4 15. Qg3 h5 16. f5 b4 17. d5 Qa6 18. h3 bxc3 19. hxg4 cxb2 20. Rb1 Nxe4
21. Qf4 Nc3 22. Kd2 Nxb1+ 23. Rxb1 Qxa2 24. f6 Qxd5+ 25. Ke1 Qe5 26. fxe7+ Kxe7
27. Qf2 hxg4 28. Kd2 Rf8 29. Qe2 Nf6 30. Qa6 Qd5+ 31. Kc3 Ne4+ 32. Kxb2 Rb8+
33. Kc1 Rxb1+ 34. Kxb1 0-1

[Event "13sen.WMH 2003 Senioren"]
[Site "Bad Zwischenahn(17.11.-29.11.2003)"]
[Date "2003.??.??"]
[Round "11.35"]
[White "Waisberg, Arnold"]
[Black "Wallhof, Dieter"]
[Result "0-1"]
[WhiteElo "2014"]
[BlackElo "1986"]
[PlyCount "96"]


1. e4 c6 2. d4 d5 3. f3 g6 4. Be3 Qb6 5. Qc1 dxe4 6. fxe4 Nf6 7. Nf3 Nxe4 8.
Bd3 Nd6 9. c4 Nf5 10. Bxf5 Bxf5 11. O-O Bg7 12. Nc3 Nd7 13. Qd2 Nf6 14. Na4 Qd8
15. Kh1 O-O 16. Qb4 b5 17. cxb5 Nd5 18. Qd2 cxb5 19. Nc5 Qb6 20. Bg1 Rad8 21.
a4 b4 22. Nh4 Bc8 23. Qe2 Qd6 24. Rae1 e6 25. a5 Qc7 26. a6 Rd6 27. h3 Rb6 28.
Rc1 Qe7 29. Nf3 Nf4 30. Qe1 Bxa6 31. Nxa6 Rxa6 32. Rc4 Nd5 33. Nd2 Qd7 34. Nb3
Rc6 35. Nc5 Qe7 36. Qe4 Rcc8 37. Ra1 Nf6 38. Qe1 Nd5 39. Qe4 Rcd8 40. Rac1 h6
41. Bh2 Rc8 42. Qd3 a5 43. Nb3 Rxc4 44. Rxc4 Ra8 45. Rc5 a4 46. Na5 Qg5 47. Qb5
Bxd4 48. Rc4 Qe3 0-1

[Event "13sen.WMH 2003 Senioren"]
[Site "Bad Zwischenahn(17.11.-29.11.2003)"]
[Date "2003.??.??"]
[Round "11.36"]
[White "Zunker, Reinhard,Dr."]
[Black "Wiesner, Werner"]
[Result "1-0"]
[WhiteElo "2132"]
[BlackElo "2031"]
[PlyCount "97"]


1. e4 d5 2. exd5 Qxd5 3. Nc3 Qa5 4. Nf3 Nc6 5. h3 Nf6 6. Bc4 Bd7 7. d4 e6 8.
Bd2 Bb4 9. a3 Bxc3 10. Bxc3 Qh5 11. Qe2 O-O-O 12. O-O-O Nd5 13. Bd2 f6 14. Bb3
Rhe8 15. c4 Nb6 16. Qd3 Qg6 17. Qc3 Re7 18. Bc2 Qf7 19. b4 Nb8 20. b5 a6 21. a4
axb5 22. axb5 Be8 23. Qb3 Qg8 24. Bb4 Red7 25. Rd2 Bg6 26. Bd1 Be4 27. Bc5 e5
28. Bxb6 cxb6 29. d5 Rc7 30. Kb2 Qf8 31. Re1 Bg6 32. Nh4 Nd7 33. Nxg6 hxg6 34.
Bc2 f5 35. g4 Qf6 36. Kb1 Nc5 37. Qc3 e4 38. Qxf6 gxf6 39. gxf5 gxf5 40. f3 Re8
41. Kb2 Rh7 42. Rh2 Kd7 43. Kc3 Kd6 44. h4 Ke5 45. fxe4 Kf4 46. Rf2+ Kg3 47.
Rxf5 Rxh4 48. Re3+ Kg2 49. Rxf6 1-0

[Event "13sen.WMH 2003 Senioren"]
[Site "Bad Zwischenahn(17.11.-29.11.2003)"]
[Date "2003.??.??"]
[Round "11.37"]
[White "Bogorad, Michail"]
[Black "Korn, Juergen-Christof"]
[Result "1-0"]
[WhiteElo "2063"]
[BlackElo "1979"]
[PlyCount "65"]


1. c4 g6 2. Nc3 Bg7 3. g3 c5 4. Bg2 Nc6 5. e4 a6 6. Nge2 d6 7. O-O h5 8. h3 Bd7
9. d3 Rb8 10. a4 Qc8 11. Kh2 Nh6 12. f3 Nd4 13. Nxd4 cxd4 14. Nd5 b6 15. b3 e6
16. Nf4 Qd8 17. h4 Be5 18. Kg1 Bxf4 19. Bxf4 e5 20. Bd2 f6 21. b4 Nf7 22. Rf2
f5 23. Rb1 O-O 24. Qb3 Qe7 25. Bf1 Be6 26. Qa3 Kg7 27. Be2 Qf6 28. Qc1 fxe4 29.
dxe4 Rb7 30. a5 d3 31. Bd1 Qd8 32. Qc3 Qc7 33. Bb3 1-0

[Event "13sen.WMH 2003 Senioren"]
[Site "Bad Zwischenahn(17.11.-29.11.2003)"]
[Date "2003.??.??"]
[Round "11.38"]
[White "Werchan, Hans,Dr."]
[Black "Szymaniak, Horst"]
[Result "1-0"]
[WhiteElo "2022"]
[BlackElo "2007"]
[PlyCount "63"]


1. Nf3 Nf6 2. c4 b6 3. g3 Ba6 4. d3 e6 5. Bg2 Bb4+ 6. Nbd2 Bb7 7. O-O O-O 8. a3
Be7 9. b4 d5 10. Bb2 Nbd7 11. Qc2 c5 12. b5 d4 13. e4 e5 14. Nh4 Re8 15. Bh3
Nh5 16. Ng2 g5 17. Qd1 Ng7 18. f4 gxf4 19. gxf4 exf4 20. Nxf4 Ne5 21. Nf3 Bd6
22. Nxe5 Rxe5 23. Bc1 f5 24. Nd5 Bxd5 25. exd5 Qh4 26. Qf3 Rae8 27. Ra2 Re3 28.
Bxe3 Rxe3 29. Bxf5 Rxf3 30. Rxf3 Nxf5 31. Rxf5 Qg4+ 32. Rg2 1-0

[Event "13sen.WMH 2003 Senioren"]
[Site "Bad Zwischenahn(17.11.-29.11.2003)"]
[Date "2003.??.??"]
[Round "11.39"]
[White "Kock, Hans-Uwe"]
[Black "Klein, Leo"]
[Result "1-0"]
[WhiteElo "2090"]
[BlackElo "1956"]
[PlyCount "85"]


1. d4 Nf6 2. c4 e6 3. Nf3 b6 4. g3 Bb7 5. Bg2 c5 6. e3 d5 7. cxd5 Nxd5 8. O-O
Nf6 9. Nc3 Be7 10. Re1 O-O 11. e4 cxd4 12. Nxd4 e5 13. Nf5 Bb4 14. Qb3 a5 15.
a3 Bc5 16. Be3 Bxe3 17. Rxe3 Nbd7 18. Rd1 g6 19. Nd6 Rb8 20. Nxb7 Rxb7 21. Qb5
Qe7 22. Red3 Qc5 23. b4 Qxb5 24. Nxb5 Nb8 25. Rd6 Kg7 26. f3 axb4 27. axb4 Ne8
28. R6d2 Nc6 29. Rb2 Na7 30. Bf1 Nxb5 31. Bxb5 Nf6 32. Rc2 Ne8 33. Rc6 f5 34.
exf5 gxf5 35. Re1 e4 36. fxe4 f4 37. e5 fxg3 38. hxg3 Rf5 39. Bd3 Rg5 40. Kg2
Rd7 41. Re3 Nc7 42. e6 Re7 43. Rxc7 1-0

[Event "13sen.WMH 2003 Senioren"]
[Site "Bad Zwischenahn(17.11.-29.11.2003)"]
[Date "2003.??.??"]
[Round "11.40"]
[White "Szczepaniec, Stanislaw"]
[Black "Hoeschele, Hans-Ulrich"]
[Result "1-0"]
[WhiteElo "2206"]
[BlackElo "2080"]
[PlyCount "89"]


1. c4 e5 2. Nc3 Nf6 3. g3 d5 4. cxd5 Nxd5 5. Bg2 Nb6 6. d3 c6 7. Nf3 Qc7 8. O-O
Be7 9. Be3 Be6 10. a3 N8d7 11. Ng5 Bxg5 12. Bxg5 f6 13. Bd2 O-O 14. Rc1 Rad8
15. f4 Rfe8 16. f5 Bf7 17. b4 Qb8 18. g4 Nd5 19. Ne4 a5 20. Rf3 axb4 21. axb4
g5 22. h4 h6 23. hxg5 hxg5 24. Nxg5 fxg5 25. Bxg5 N5f6 26. Qe1 e4 27. Rh3 Kf8
28. Qh4 Ke7 29. Bxf6+ Nxf6 30. g5 Rh8 31. gxf6+ Kd7 32. Qxe4 Rxh3 33. Rxc6 Qa7+
34. Rc5 Qa1+ 35. Kf2 Qxf6 36. Bxh3 b6 37. Qb7+ Ke8 38. Qc6+ Ke7 39. Qxf6+ Kxf6
40. Rc6+ Ke5 41. f6 b5 42. Ke3 Rd5 43. Bg2 Rd6 44. Rxd6 Kxd6 45. Kd4 1-0